|
|
|
|
| LEADER |
00000cam a2200000 7i4500 |
| 001 |
0000039628 |
| 005 |
20140101.0 |
| 008 |
140101 |
| 020 |
|
|
|a 9679030547
|
| 090 |
0 |
0 |
|a 793.319595
|b DIK
|
| 245 |
1 |
0 |
|a Dikir barat
|
| 260 |
|
|
|a K.L :
|b JKKN ,
|c 2005
|
| 650 |
|
0 |
|a Dikir barat
|
| 650 |
|
0 |
|a Tarian folk
|x music
|
| 999 |
|
|
|a 0000952594
|b Book
|c Adult Collection
|e Cawangan Tangkak
|
| 999 |
|
|
|a 0000952595
|b Book
|c Adult Collection
|e Cawangan Tangkak
|
| 999 |
|
|
|a 0001260736
|b Book
|c Adult Collection
|e Cawangan AEON Kulaijaya
|
| 999 |
|
|
|a 0001260737
|b Book
|c Adult Collection
|e Cawangan Tmn. Ungku Tun Aminah
|
| 999 |
|
|
|a 0001260738
|b Book
|c Adult Collection
|e Cawangan Pontian
|
| 999 |
|
|
|a 0001260741
|b Book
|c Adult Collection
|e Cawangan Taman Sri Lambak
|
| 999 |
|
|
|a 0001260742
|b Book
|c Adult Collection
|e Cawangan Bandar Penawar
|
| 999 |
|
|
|a 0001260743
|b Book
|c Adult Collection
|e Cawangan Muar
|
| 999 |
|
|
|a 0001260744
|b Book
|c Adult Collection
|e Cawangan Bandar Tenggara
|
| 999 |
|
|
|a 0001260745
|b Book
|c Adult Collection
|e Cawangan Tangkak
|
| 999 |
|
|
|a 0001260746
|b Book
|c Adult Collection
|e Cawangan Mersing
|
| 999 |
|
|
|a 0001260747
|b Book
|c Adult Collection
|e Cawangan Bukit Gambir
|
| 999 |
|
|
|a 0001260749
|b Book
|c Adult Collection
|e Cawangan Segamat
|
| 999 |
|
|
|a 0001349129
|b Book
|c Adult Collection
|e Perbadanan Perpustakaan Awam Johor
|